[Event "Hastings Chess Congress"]
[Site "Hastings ENG"]
[Date "2005.12.29"]
[EventDate "2005.12.28"]
[Round "2"]
[Result "1-0"]
[White "Petr Marusenko"]
[Black "Daniel McGowan"]
[WhiteElo "2342"]
[BlackElo "2122"]
[PlyCount "65"]

1. e4 e6 2. d4 d5 3. Nc3 dxe4 4. Nxe4 Nd7 5. g3 Ngf6 6. Nxf6+
Nxf6 7. Bg2 Be7 8. Nf3 O-O 9. O-O c6 10. c4 Qc7 11. b3 b6
12. Bf4 Bd6 13. Ne5 Bb7 14. Re1 Rad8 15. Qf3 Ba8 16. c5 bxc5
17. dxc5 Bxc5 18. Ng6 Qb6 19. Nxf8 Bxf8 20. Bg5 Be7 21. Rad1
Re8 22. Bxf6 Bxf6 23. Qf4 Bb7 24. Re2 c5 25. Bxb7 Qxb7 26. Qa4
Ra8 27. Rd7 Qb6 28. Qe4 Rb8 29. Qf4 a5 30. Qc7 Qb5 31. Rc2 a4
32. Rxc5 Qb4 33. Qc8+ 1-0

[Event "Hastings Chess Congress"]
[Site "Hastings ENG"]
[Date "2005.12.30"]
[EventDate "2005.12.28"]
[Round "3"]
[Result "1/2-1/2"]
[White "Stefan Kristjansson"]
[Black "Vladimir Belov"]
[WhiteElo "2467"]
[BlackElo "2620"]
[PlyCount "28"]

1. e4 e5 2. Nf3 Nc6 3. d4 exd4 4. Nxd4 Nf6 5. Nxc6 bxc6 6. e5
Qe7 7. Qe2 Nd5 8. c4 Ba6 9. b3 g5 10. h4 Bg7 11. Bb2 O-O-O
12. Nd2 Rde8 13. O-O-O Nf4 14. Qe3 Bxe5 1/2-1/2

[Event "Hastings Chess Congress"]
[Site "Hastings ENG"]
[Date "2005.12.30"]
[EventDate "2005.12.28"]
[Round "3"]
[Result "1/2-1/2"]
[White "Wolfram Schoen"]
[Black "Milos Pavlovic"]
[WhiteElo "2415"]
[BlackElo "2507"]
[PlyCount "53"]

1. e4 c5 2. Nf3 d6 3. c3 Nf6 4. Be2 Nbd7 5. d3 b6 6. O-O Bb7
7. Nbd2 e6 8. Re1 Be7 9. Nf1 O-O 10. Ng3 Qc7 11. Bf1 Ne5
12. Ng5 h6 13. Nh3 Nc6 14. f4 Rfe8 15. f5 Bf8 16. Nf4 exf5
17. Nxf5 Ne7 18. Ne3 d5 19. e5 Qxe5 20. Nexd5 Qd6 21. Nxf6+
Qxf6 22. Bd2 Ng6 23. Nxg6 Qxg6 24. Qa4 Bc6 25. Qh4 Bb5 26. c4
Bd7 27. Rxe8 1/2-1/2

[Event "Hastings Chess Congress"]
[Site "Hastings ENG"]
[Date "2005.12.30"]
[EventDate "2005.12.28"]
[Round "3"]
[Result "0-1"]
[White "Jovanka Houska"]
[Black "Valery Neverov"]
[WhiteElo "2351"]
[BlackElo "2569"]
[PlyCount "108"]

1. e4 Nf6 2. e5 Nd5 3. d4 d6 4. Nf3 g6 5. Be2 Bg7 6. c4 Nb6
7. exd6 cxd6 8. Nc3 O-O 9. Be3 Bg4 10. h3 Bxf3 11. Bxf3 Nc6
12. b3 f5 13. Nd5 Nxd5 14. cxd5 Nb4 15. a3 Na6 16. Qd2 Qb6
17. Rb1 Nc7 18. O-O Nb5 19. a4 Nxd4 20. Bd1 Rac8 21. Re1 Rfe8
22. a5 Qc5 23. b4 Qc3 24. Ba4 Rf8 25. Qxc3 Rxc3 26. Bxd4 Bxd4
27. Rxe7 Rf7 28. Re2 Rfc7 29. Kh2 Rc1 30. Rxc1 Rxc1 31. Ra2
Rb1 32. b5 Kf7 33. g4 Rb4 34. gxf5 gxf5 35. Bc2 Kf6 36. Bd3
Rb3 37. Bc4 Rc3 38. Bf1 f4 39. a6 bxa6 40. bxa6 Ke5 41. Bg2 f3
42. Bf1 Kxd5 43. Kg3 Ke4 44. Ra4 Rc1 45. Bb5 Rg1+ 46. Kh4 Ke5
47. Bc6 Bxf2+ 48. Kh5 Rg3 49. Re4+ Kf5 50. h4 Bc5 51. Re7 f2
52. Rxh7 Ke6 53. Bd7+ Kf6 54. Be8 Rg1 0-1

[Event "Hastings Chess Congress"]
[Site "Hastings ENG"]
[Date "2005.12.30"]
[EventDate "2005.12.28"]
[Round "3"]
[Result "0-1"]
[White "Dagur Arngrimsson"]
[Black "Piotr Bobras"]
[WhiteElo "2289"]
[BlackElo "2563"]
[PlyCount "43"]

1. e4 c5 2. c3 Nf6 3. e5 Nd5 4. d4 cxd4 5. Nf3 Nc6 6. cxd4 d6
7. Bc4 dxe5 8. Bxd5 Qxd5 9. Nc3 Qd6 10. d5 Nd4 11. Nxd4 exd4
12. Qxd4 e5 13. Qd3 Bd7 14. O-O f5 15. Nb5 Bxb5 16. Qxb5+ Qd7
17. Qb3 Bd6 18. f4 e4 19. Be3 O-O 20. Rac1 Rfc8 21. g3 Qf7
22. Rfd1 0-1

[Event "Hastings Chess Congress"]
[Site "Hastings ENG"]
[Date "2005.12.30"]
[EventDate "2005.12.28"]
[Round "3"]
[Result "1/2-1/2"]
[White "Richard G Pert"]
[Black "Snorri Bergsson"]
[WhiteElo "2429"]
[BlackElo "2266"]
[PlyCount "67"]

1. d4 d5 2. c4 dxc4 3. Nf3 a6 4. e3 b5 5. a4 Bb7 6. b3 e6
7. axb5 axb5 8. Rxa8 Bxa8 9. bxc4 bxc4 10. Bxc4 Nf6 11. O-O
Bd6 12. Nbd2 O-O 13. Qe2 Ne4 14. Nxe4 Bxe4 15. Bd3 Bxd3
16. Qxd3 c5 17. Bb2 Be7 18. Rc1 cxd4 19. Qxd4 Bf6 20. Qxd8
Rxd8 21. Bxf6 gxf6 22. g4 Kg7 23. Kg2 Rd5 24. Rc7 Nd7 25. Nd4
Nf8 26. Kg3 Rd7 27. Rxd7 Nxd7 28. f4 Nc5 29. Kf3 Kg6 30. h3 h6
31. Nc6 Nd3 32. Nd4 Nc5 33. Nc6 Nd3 34. Nd4 1/2-1/2

[Event "Hastings Chess Congress"]
[Site "Hastings ENG"]
[Date "2005.12.30"]
[EventDate "2005.12.28"]
[Round "3"]
[Result "1-0"]
[White "Willy Hendriks"]
[Black "Jan Rode Pedersen"]
[WhiteElo "2402"]
[BlackElo "2238"]
[PlyCount "79"]

1. e4 e5 2. Bc4 Nc6 3. d3 Nf6 4. Nf3 Bc5 5. c3 d6 6. Nbd2 a6
7. Bb3 O-O 8. h3 Nh5 9. Nf1 Qf6 10. Bg5 Qg6 11. g4 Nf4
12. Bxf4 exf4 13. Qd2 Ne5 14. N1h2 Be6 15. Bc2 Qh6 16. O-O-O
b5 17. d4 Nc4 18. Qd3 Bb6 19. h4 g6 20. Ng5 Bd7 21. Kb1 f6
22. Nh3 Rae8 23. g5 Qh5 24. gxf6 Rxf6 25. Ng5 Bc6 26. f3 Qxh4
27. Rdg1 h5 28. Ng4 Qxg5 29. Nxf6+ Qxf6 30. e5 Be4 31. exf6
Bxd3 32. Bxd3 Nd2+ 33. Kc1 Nxf3 34. Rxg6+ Kf7 35. Rxh5 Re1+
36. Kc2 Rg1 37. Rh7+ Kf8 38. Rxg1 Nxg1 39. Bg6 f3 40. Rh8+ 1-0

[Event "Hastings Chess Congress"]
[Site "Hastings ENG"]
[Date "2005.12.30"]
[EventDate "2005.12.28"]
[Round "3"]
[Result "1-0"]
[White "Vincent Colin"]
[Black "Francis Rayner"]
[WhiteElo "2375"]
[BlackElo "2212"]
[PlyCount "81"]

1. d4 Nf6 2. c4 g6 3. Nc3 Bg7 4. e4 d6 5. f4 O-O 6. Nf3 c5
7. d5 e6 8. Be2 exd5 9. cxd5 Bg4 10. O-O Nbd7 11. h3 Bxf3
12. Bxf3 Re8 13. g4 h6 14. h4 h5 15. g5 Nh7 16. Bg2 Rb8 17. e5
dxe5 18. f5 e4 19. f6 Nhxf6 20. gxf6 Bxf6 21. Rf4 Bd4+ 22. Kh1
f5 23. Qe1 Nf6 24. Qg3 Ng4 25. Rxg4 hxg4 26. Bf4 Rc8 27. d6
Kg7 28. Nd5 Rh8 29. Be5+ Kf7 30. Ne7 Ra8 31. Qb3+ Ke8 32. Bxh8
Qxd6 33. Bxd4 Qxe7 34. Qg8+ Kd7 35. Qd5+ Kc7 36. Qxc5+ Qxc5
37. Bxc5 Rh8 38. Be7 e3 39. Bg5 Re8 40. Re1 e2 41. Kg1 1-0

[Event "Hastings Chess Congress"]
[Site "Hastings ENG"]
[Date "2005.12.30"]
[EventDate "2005.12.28"]
[Round "3"]
[Result "1-0"]
[White "Mark Hebden"]
[Black "Tore Kolas"]
[WhiteElo "2514"]
[BlackElo "2160"]
[PlyCount "65"]

1. d4 Nf6 2. Nf3 g6 3. Nc3 d5 4. Bf4 Bg7 5. e3 O-O 6. Be2 c5
7. Ne5 Nc6 8. O-O cxd4 9. exd4 Bf5 10. Nxc6 bxc6 11. Na4 Nd7
12. c3 e5 13. Be3 Re8 14. Re1 Qa5 15. b4 Qc7 16. Ba6 Rab8
17. Qd2 Re6 18. Bf1 a5 19. Nc5 Nxc5 20. bxc5 a4 21. Bh6 Qa5
22. Bxg7 Kxg7 23. h3 a3 24. g4 Be4 25. Qe3 exd4 26. Qxd4+ Kg8
27. Re3 Rb2 28. Bg2 Qc7 29. Bxe4 Qf4 30. Bf3 Qxd4 31. cxd4
Rxe3 32. fxe3 Kg7 33. e4 1-0

[Event "Hastings Chess Congress"]
[Site "Hastings ENG"]
[Date "2005.12.30"]
[EventDate "2005.12.28"]
[Round "3"]
[Result "0-1"]
[White "Thomas T W Pym"]
[Black "Yuri Kuzubov"]
[WhiteElo "2100"]
[BlackElo "2541"]
[PlyCount "52"]

1. e4 c5 2. Nf3 Nc6 3. d4 cxd4 4. Nxd4 g6 5. Nc3 Bg7 6. Be3
Nf6 7. Bc4 O-O 8. Bb3 a5 9. f3 d5 10. Nxd5 Nxd5 11. Nxc6 bxc6
12. exd5 a4 13. Bc4 a3 14. b3 Qa5+ 15. Bd2 Qc5 16. Rc1 cxd5
17. Bd3 e5 18. Qe2 e4 19. fxe4 dxe4 20. Bc4 Be6 21. Bxe6 fxe6
22. c4 Rad8 23. Rc2 Qd4 24. Qe3 Qa1+ 25. Bc1 Qb1 26. Qxe4 Rf5
0-1

[Event "Hastings Chess Congress"]
[Site "Hastings ENG"]
[Date "2005.12.30"]
[EventDate "2005.12.28"]
[Round "3"]
[Result "0-1"]
[White "Peter Husted"]
[Black "Adam G Ashton"]
[WhiteElo "2127"]
[BlackElo "2331"]
[PlyCount "118"]

1. e4 e5 2. Nf3 Nc6 3. Bb5 a6 4. Ba4 Nf6 5. O-O Bc5 6. c3 b5
7. Bc2 d6 8. d4 Bb6 9. a4 Bg4 10. d5 Ne7 11. axb5 axb5
12. Rxa8 Qxa8 13. Na3 Ng6 14. h3 Bd7 15. Re1 O-O 16. Bd3 Rb8
17. Nc2 c6 18. dxc6 Bxc6 19. Qe2 Nh5 20. Nb4 Nhf4 21. Qc2 Bd7
22. Bf1 Bc5 23. Be3 Bxb4 24. cxb4 Bc6 25. Nd2 Rc8 26. Qd1 d5
27. exd5 Bxd5 28. f3 Ne6 29. Nb1 Bc4 30. Nc3 Qb7 31. Ne4 Rd8
32. Qc2 Nd4 33. Qf2 Bxf1 34. Rxf1 Qe7 35. Nc5 Nc6 36. Qe2 Nxb4
37. Qxb5 Nd5 38. Bf2 Ngf4 39. Kh2 Qg5 40. Rg1 Nf6 41. g3 Ng6
42. Ne4 Nxe4 43. fxe4 h5 44. h4 Qg4 45. Qb4 Rd3 46. Rg2 Qf3
47. Qc4 Kh7 48. Be1 Rd4 49. Qe2 Qxe4 50. Qxh5+ Kg8 51. Bc3 Rd3
52. Re2 Re3 53. Rxe3 Qxe3 54. Qg4 Qf2+ 55. Kh1 Ne7 56. Qd1 Nf5
57. Bxe5 Ne3 58. Qd8+ Kh7 59. Qd3+ f5 0-1

[Event "Hastings Chess Congress"]
[Site "Hastings ENG"]
[Date "2005.12.30"]
[EventDate "2005.12.28"]
[Round "3"]
[Result "1/2-1/2"]
[White "Robert Eames"]
[Black "Michael Scoriels"]
[WhiteElo "2320"]
[BlackElo "2156"]
[PlyCount "79"]

1. e4 e5 2. Nf3 Nc6 3. Bb5 d6 4. d4 Bd7 5. Nc3 exd4 6. Nxd4 g6
7. h4 Bg7 8. Bg5 Qc8 9. Nde2 Nf6 10. Qd2 Ne5 11. f4 Neg4
12. e5 dxe5 13. fxe5 Nh5 14. e6 fxe6 15. O-O-O Bxb5 16. Nxb5
O-O 17. Rhf1 Rxf1 18. Rxf1 a6 19. Nbc3 b5 20. Nf4 Nxf4
21. Rxf4 Ne5 22. Ne4 Nc4 23. Qf2 Bxb2+ 24. Kd1 Qd7+ 25. Ke2
Nd6 26. Nf6+ Bxf6 27. Bxf6 e5 28. Rf3 Ne4 29. Qe3 Qc6 30. Qb3+
Qc4+ 31. Qxc4+ bxc4 32. Ke3 Nd6 33. h5 e4 34. Rf4 Re8 35. g4
Re6 36. h6 Nf5+ 37. gxf5 Rxf6 38. Kxe4 gxf5+ 39. Kd5 Kf7
40. Kxc4 1/2-1/2

[Event "Hastings Chess Congress"]
[Site "Hastings ENG"]
[Date "2005.12.30"]
[EventDate "2005.12.28"]
[Round "3"]
[Result "0-1"]
[White "Jerry Humphreys"]
[Black "David Ledger"]
[WhiteElo "2084"]
[BlackElo "2278"]
[PlyCount "68"]

1. Nf3 f5 2. c4 Nf6 3. Nc3 e6 4. g3 Be7 5. Bg2 O-O 6. O-O d6
7. d4 Ne4 8. Qc2 Nxc3 9. Qxc3 a5 10. Bd2 Bf6 11. Qc2 e5
12. dxe5 dxe5 13. Rad1 Qe8 14. e4 Qh5 15. Bc3 Nc6 16. b3 Kh8
17. exf5 Bxf5 18. Qb2 Bg4 19. Rd3 e4 20. Rd5 exf3 21. Rxh5
fxg2 22. Rxh7+ Kxh7 23. Qc2+ Kh8 24. Kxg2 Bxc3 25. Qxc3 Bf3+
26. Kg1 Rad8 27. Re1 b6 28. h3 Nd4 29. Kf1 c5 30. Qd3 Rd6
31. Qe3 Re6 32. Qc3 Rh6 33. h4 Rhf6 34. Re7 Be2+ 0-1

[Event "Hastings Chess Congress"]
[Site "Hastings ENG"]
[Date "2005.12.30"]
[EventDate "2005.12.28"]
[Round "3"]
[Result "0-1"]
[White "Yves Duhayon"]
[Black "Timothy Spanton"]
[WhiteElo "2233"]
[BlackElo "2018"]
[PlyCount "28"]

1. d4 d5 2. Nf3 Nc6 3. Bf4 Bg4 4. e3 e6 5. c4 Bd6 6. Bg3 Nf6
7. Nc3 O-O 8. Bh4 Re8 9. cxd5 exd5 10. Bb5 Bxf3 11. gxf3 Bb4
12. O-O Qd6 13. Bxf6 Qxf6 14. Nxd5 Qg5+ 0-1

[Event "Hastings Chess Congress"]
[Site "Hastings ENG"]
[Date "2005.12.30"]
[EventDate "2005.12.28"]
[Round "3"]
[Result "1-0"]
[White "Merab Gagunashvili"]
[Black "Adrian O Pickersgill"]
[WhiteElo "2542"]
[BlackElo "2085"]
[PlyCount "47"]

1. e4 d5 2. exd5 Qxd5 3. Nc3 Qa5 4. d4 c6 5. Nf3 Nf6 6. Bc4
Bf5 7. Bd2 e6 8. Qe2 Bb4 9. Ne5 Nbd7 10. O-O-O Nxe5 11. dxe5
Nd5 12. Bxd5 exd5 13. g4 Be6 14. f4 g6 15. Rhf1 O-O-O 16. a3
Bxa3 17. Nb1 Bb4 18. f5 Bxd2+ 19. Rxd2 Bd7 20. e6 Be8 21. Qe5
Rg8 22. fxg6 fxg6 23. e7 Rd7 24. Rf8 1-0

[Event "Hastings Chess Congress"]
[Site "Hastings ENG"]
[Date "2005.12.30"]
[EventDate "2005.12.28"]
[Round "3"]
[Result "1/2-1/2"]
[White "Claus Norregaard"]
[Black "Pierre Fox"]
[WhiteElo "2205"]
[BlackElo "1813"]
[PlyCount "86"]

1. d4 d5 2. c4 e6 3. Nc3 Be7 4. e4 dxe4 5. Nxe4 Nf6 6. Nc3 O-O
7. Nf3 b6 8. Be2 Bb7 9. Be3 Na6 10. Qb3 c5 11. Rd1 cxd4
12. Bxd4 Qc8 13. O-O Qc6 14. Ne1 Nc5 15. Qc2 Qc7 16. Bf3 Rad8
17. Bxb7 Nxb7 18. Nb5 Qb8 19. Nf3 Nd7 20. Rfe1 Bf6 21. Qe4 a6
22. Nc3 Nd6 23. Qg4 Nf5 24. Ne4 Nxd4 25. Nxd4 Bxd4 26. Rxd4 f5
27. Qd1 Ne5 28. Nd6 Nc6 29. Rd2 e5 30. Qb3 Nd4 31. Rxd4 exd4
32. c5+ Kh8 33. Nf7+ Rxf7 34. Qxf7 Rf8 35. Qd5 bxc5 36. Qxc5
Re8 37. Rxe8+ Qxe8 38. Kf1 d3 39. Qe3 Qb5 40. Ke1 a5 41. Kd2
Qxb2+ 42. Kxd3 Qxa2 43. Qe8+ Qg8 1/2-1/2

[Event "Hastings Chess Congress"]
[Site "Hastings ENG"]
[Date "2005.12.30"]
[EventDate "2005.12.28"]
[Round "3"]
[Result "1/2-1/2"]
[White "Sergey Erenburg"]
[Black "Simon Kim Williams"]
[WhiteElo "2582"]
[BlackElo "2452"]
[PlyCount "130"]

1. e4 e6 2. d4 d5 3. Nd2 Nf6 4. e5 Nfd7 5. c3 c5 6. Bd3 Nc6
7. Ngf3 Be7 8. O-O a5 9. Re1 cxd4 10. cxd4 g5 11. h3 h5 12. g4
hxg4 13. hxg4 Qb6 14. Qa4 Nf8 15. Nf1 Bd7 16. Be3 Nb4 17. Qd1
Nxd3 18. Qxd3 Bb5 19. Qc2 Ng6 20. Ng3 Kd7 21. Nh5 Rac8 22. Qd2
Bb4 23. Nf6+ Ke7 24. Qd1 Nf4 25. Nxg5 Nh3+ 26. Kg2 Bxe1
27. Nxh3 Bf1+ 28. Kxf1 Rxh3 29. Bg5 Qxb2 30. Ne4+ Kf8 31. Rb1
Qxa2 32. Kg2 dxe4 33. Qxe1 Rcc3 34. Bf4 Rcf3 35. Ra1 Qb3
36. Rb1 Qd5 37. Be3 Rh4 38. Qc3 Rxg4+ 39. Kf1 b5 40. Qc5+ Qxc5
41. dxc5 b4 42. c6 Rxe3 43. fxe3 Rg8 44. Ra1 Kg7 45. Rxa5 Rb8
46. Ra7 Kg6 47. Rb7 Rc8 48. Rxb4 Kf5 49. Rb7 Kxe5 50. Rxf7
Rxc6 51. Ke2 Rc2+ 52. Kd1 Rh2 53. Ke1 Rh6 54. Ra7 Kf5 55. Rf7+
Kg5 56. Rf8 e5 57. Rg8+ Kf5 58. Kf2 Rh2+ 59. Kf1 Ke6 60. Rd8
Ra2 61. Ke1 Ra6 62. Ke2 Rd6 63. Ra8 Kf5 64. Rg8 Rg6 65. Rxg6
Kxg6 1/2-1/2

[Event "Hastings Chess Congress"]
[Site "Hastings ENG"]
[Date "2005.12.30"]
[EventDate "2005.12.28"]
[Round "3"]
[Result "1-0"]
[White "Bogdan Lalic"]
[Black "Ian D Thompson"]
[WhiteElo "2490"]
[BlackElo "2295"]
[PlyCount "77"]

1. e4 e6 2. d4 d5 3. Nd2 Nf6 4. e5 Nfd7 5. c3 c5 6. Bd3 Nc6
7. Ne2 cxd4 8. cxd4 f6 9. exf6 Nxf6 10. O-O Bd6 11. Nf3 Qc7
12. Bg5 O-O 13. Bh4 g6 14. Rc1 Nh5 15. Bg5 Qg7 16. Be3 h6
17. Ng3 Nxg3 18. hxg3 Bd7 19. Bd2 g5 20. Bc3 Be8 21. Re1 Qf6
22. Qd2 Bg6 23. Bxg6 Qxg6 24. b4 a6 25. a4 g4 26. Nh4 Qf6
27. Qe2 Kh7 28. Rc2 Rae8 29. b5 Nb4 30. Bxb4 Bxb4 31. Rb1 Qxd4
32. Rc7+ Kg8 33. Rd1 Qe4 34. Qxe4 dxe4 35. Rdd7 Rf6 36. Rg7+
Kh8 37. Rh7+ Kg8 38. Rcg7+ Kf8 39. Rxb7 1-0

[Event "Hastings Chess Congress"]
[Site "Hastings ENG"]
[Date "2005.12.30"]
[EventDate "2005.12.28"]
[Round "3"]
[Result "1/2-1/2"]
[White "Erik Zude"]
[Black "Felix J Kwiatkowski"]
[WhiteElo "2426"]
[BlackElo "2223"]
[PlyCount "70"]

1. d4 Nf6 2. c4 g6 3. Nc3 Bg7 4. e4 d6 5. Nf3 O-O 6. h3 e5
7. d5 Na6 8. Bg5 h6 9. Be3 Nc5 10. Nd2 a5 11. Be2 Bd7 12. g4
Nh7 13. h4 f5 14. h5 Ng5 15. hxg6 fxg4 16. Bxc5 dxc5 17. Bxg4
Ra6 18. Bxd7 Qxd7 19. Qh5 Raf6 20. O-O-O Rxf2 21. Rdf1 c6
22. Rxf2 Rxf2 23. Rf1 Rxf1+ 24. Nxf1 cxd5 25. cxd5 b5 26. Nd2
c4 27. Nf3 b4 28. Nxg5 bxc3 29. Ne6 cxb2+ 30. Kxb2 Qb5+
31. Kc2 Qa4+ 32. Kc3 Qb4+ 33. Kc2 Qa4+ 34. Kc3 Qb4+ 35. Kc2
Qa4+ 1/2-1/2

[Event "Hastings Chess Congress"]
[Site "Hastings ENG"]
[Date "2005.12.30"]
[EventDate "2005.12.28"]
[Round "3"]
[Result "1/2-1/2"]
[White "Nicholas Tavoularis"]
[Black "Watu Kobese"]
[WhiteElo "2211"]
[BlackElo "2400"]
[PlyCount "51"]

1. c4 e5 2. Nc3 Nc6 3. g3 f5 4. Bg2 Nf6 5. d3 Bc5 6. e3 O-O
7. Nge2 a6 8. O-O d6 9. Nd5 Nxd5 10. cxd5 Ne7 11. d4 Bb6
12. dxe5 dxe5 13. b3 Bc5 14. Bb2 Ng6 15. Rc1 Bd6 16. f4 Qe7
17. Qc2 Bd7 18. Rfe1 Rae8 19. Bf3 Bb4 20. Red1 Ba5 21. Kg2 Rf7
22. Bh5 exf4 23. exf4 c6 24. d6 Qd8 25. Nd4 Be6 26. Nxe6
1/2-1/2

[Event "Hastings Chess Congress"]
[Site "Hastings ENG"]
[Date "2005.12.30"]
[EventDate "2005.12.28"]
[Round "3"]
[Result "0-1"]
[White "Adrien Capitaine"]
[Black "Andrew Greet"]
[WhiteElo "2186"]
[BlackElo "2428"]
[PlyCount "36"]

1. f4 c5 2. Nf3 Nf6 3. e3 g6 4. Be2 Bg7 5. O-O O-O 6. Qe1 Nc6
7. d3 d6 8. Nc3 Rb8 9. Bd1 b5 10. Ne2 c4 11. e4 b4 12. Ng3
cxd3 13. cxd3 Ba6 14. Bc2 b3 15. Bxb3 Nb4 16. Qd2 Nxd3 17. Rd1
Ng4 18. Nf1 Qb6+ 0-1

[Event "Hastings Chess Congress"]
[Site "Hastings ENG"]
[Date "2005.12.30"]
[EventDate "2005.12.28"]
[Round "3"]
[Result "1-0"]
[White "Jon Viktor Gunnarsson"]
[Black "Alan Grant Kerr"]
[WhiteElo "2411"]
[BlackElo "2152"]
[PlyCount "75"]

1. e4 c5 2. Nf3 d6 3. d4 cxd4 4. Nxd4 Nf6 5. Nc3 a6 6. Be3 e5
7. Nf3 Be7 8. Bc4 O-O 9. Qd3 Be6 10. O-O Bxc4 11. Qxc4 Nbd7
12. Rfd1 b5 13. Qd3 b4 14. Nd5 Nxd5 15. Qxd5 Rc8 16. Qd3 a5
17. Nd2 Qc7 18. Rac1 h6 19. b3 Nc5 20. Bxc5 dxc5 21. Nc4 Bg5
22. Ra1 Rfd8 23. Qg3 Rxd1+ 24. Rxd1 Rd8 25. Rxd8+ Qxd8 26. Qd3
Qc7 27. Qd5 Bf6 28. g3 Kf8 29. Qa8+ Ke7 30. Ne3 Kd7 31. Nd5
Qd8 32. Qa7+ Kc6 33. Qxf7 c4 34. Qe6+ Kc5 35. Nxf6 gxf6
36. Qxc4+ Kb6 37. Qe6+ Kc5 38. Qa6 1-0

[Event "Hastings Chess Congress"]
[Site "Hastings ENG"]
[Date "2005.12.30"]
[EventDate "2005.12.28"]
[Round "3"]
[Result "0-1"]
[White "Christopher Briscoe"]
[Black "Simon T Ansell"]
[WhiteElo "2151"]
[BlackElo "2383"]
[PlyCount "52"]

1. e4 c5 2. c3 Nf6 3. e5 Nd5 4. d4 cxd4 5. Qxd4 e6 6. Bc4 Nc6
7. Qe4 d6 8. Nf3 dxe5 9. Nxe5 Nxe5 10. Qxe5 Qd6 11. Qxd6 Bxd6
12. Bxd5 exd5 13. Be3 O-O 14. O-O f5 15. f4 Re8 16. Kf2 b6
17. Nd2 Ba6 18. Rfe1 d4 19. cxd4 Rac8 20. Rec1 g5 21. Nf3 Rxc1
22. Bxc1 Re2+ 23. Kg1 g4 24. Nh4 Bd3 25. a4 Bb4 26. b3 Bc3 0-1

[Event "Hastings Chess Congress"]
[Site "Hastings ENG"]
[Date "2005.12.30"]
[EventDate "2005.12.28"]
[Round "3"]
[Result "0-1"]
[White "R Alan Barton"]
[Black "Petr Marusenko"]
[WhiteElo "2154"]
[BlackElo "2342"]
[PlyCount "68"]

1. d4 Nf6 2. Nf3 e6 3. c3 b6 4. Bg5 Bb7 5. Nbd2 Be7 6. e3 c5
7. Bd3 Nc6 8. O-O d6 9. Re1 h6 10. Bxf6 Bxf6 11. Qe2 O-O
12. Ba6 Bxa6 13. Qxa6 cxd4 14. exd4 Ne7 15. a4 Nd5 16. Ne4 Be7
17. Ng3 Qd7 18. Qb5 Qb7 19. c4 Nf4 20. a5 Rfc8 21. Re4 g5
22. h4 f5 23. a6 Qc7 24. Nxf5 exf5 25. Qxf5 Rf8 26. Qb5 g4
27. Nh2 d5 28. Re3 Bxh4 29. Nxg4 Qg7 30. f3 h5 31. g3 hxg4
32. Kf1 Bxg3 33. Raa3 Qh7 34. Qxd5+ Nxd5 0-1

[Event "Hastings Chess Congress"]
[Site "Hastings ENG"]
[Date "2005.12.30"]
[EventDate "2005.12.28"]
[Round "3"]
[Result "1/2-1/2"]
[White "Jessie Gilbert"]
[Black "Alexander Khantuev"]
[WhiteElo "2148"]
[BlackElo "2302"]
[PlyCount "88"]

1. d4 Nf6 2. c4 e6 3. Nf3 Bb4+ 4. Bd2 Qe7 5. Qc2 Bxd2+
6. Nbxd2 d6 7. g3 O-O 8. Bg2 Nc6 9. O-O a5 10. b3 e5 11. e3
Re8 12. a3 e4 13. Ng5 Bf5 14. Nh3 Nd8 15. Nf4 c6 16. b4 Ne6
17. Nxe6 Qxe6 18. Rfb1 axb4 19. Rxb4 Bh3 20. Rf1 Ra5 21. c5 h6
22. Nc4 dxc5 23. Rxb7 Raa8 24. dxc5 Nh7 25. f4 exf3 26. Rxf3
Ng5 27. Rf4 Bxg2 28. Kxg2 Qd5+ 29. e4 Rxe4 30. Rxe4 Qxe4+
31. Qxe4 Nxe4 32. Ne5 Nxc5 33. Rc7 f6 34. Nxc6 Na4 35. Ne7+
Kh8 36. Nf5 Rg8 37. Ne7 Re8 38. Nf5 Re5 39. Nxg7 h5 40. h3 Nc5
41. g4 hxg4 42. hxg4 Rg5 43. Nh5 Rxg4+ 44. Kh3 Rc4 1/2-1/2

[Event "Hastings Chess Congress"]
[Site "Hastings ENG"]
[Date "2005.12.30"]
[EventDate "2005.12.28"]
[Round "3"]
[Result "1-0"]
[White "Dag Madsen"]
[Black "James C Mansson"]
[WhiteElo "2301"]
[BlackElo "2114"]
[PlyCount "113"]

1. Nf3 d5 2. d4 Nf6 3. c4 e6 4. g3 Bb4+ 5. Bd2 Be7 6. Bg2 O-O
7. O-O c6 8. Qc2 b6 9. Rd1 Bb7 10. Nc3 Nbd7 11. b3 Rc8 12. e4
c5 13. exd5 exd5 14. dxc5 dxc4 15. b4 bxc5 16. b5 Qc7 17. Bf4
Qb6 18. a3 Rfe8 19. Nd2 Bxg2 20. Nxc4 Be4 21. Nxe4 Qxb5
22. Ned6 Bxd6 23. Nxd6 Re2 24. Rd2 Rxd2 25. Qxd2 Qc6 26. Nxc8
Qxc8 27. Rd1 h6 28. Qd6 Qe8 29. Be3 Qe4 30. Qd3 Qg4 31. Bf4 g5
32. Bc7 Qh5 33. f3 Qh3 34. Re1 h5 35. Bd8 h4 36. Bxf6 Nxf6
37. Qd6 Qf5 38. Qe5 Qg6 39. Qxc5 g4 40. f4 hxg3 41. hxg3 Qd3
42. Qe3 Qa6 43. Rd1 Qa5 44. Rd6 Qb5 45. Qd3 Qc5+ 46. Kg2 Qc1
47. f5 Qb2+ 48. Qd2 Qb7+ 49. Kh2 Ne4 50. Rd8+ Kh7 51. Qd4 Kh6
52. Rh8+ Kg5 53. Qg7+ Kxf5 54. Rh5+ Ke6 55. Qxg4+ Kd6 56. Qf4+
Ke7 57. Re5+ 1-0

[Event "Hastings Chess Congress"]
[Site "Hastings ENG"]
[Date "2005.12.30"]
[EventDate "2005.12.28"]
[Round "3"]
[Result "1-0"]
[White "Li Wu"]
[Black "Baptiste Le Bailly"]
[WhiteElo "2287"]
[BlackElo "2106"]
[PlyCount "105"]

1. d4 Nf6 2. c4 e6 3. Nf3 d5 4. Nc3 c6 5. Bg5 Nbd7 6. cxd5
exd5 7. e3 Be7 8. Bd3 O-O 9. Qc2 Re8 10. h3 Nf8 11. O-O-O Ne4
12. Bxe4 dxe4 13. Bxe7 Qxe7 14. Nd2 Bf5 15. f4 b5 16. g4 Be6
17. Kb1 b4 18. Na4 Bd5 19. Nc5 a5 20. Qa4 Nd7 21. Nxd7 Qxd7
22. Rc1 Reb8 23. Nb3 Qb7 24. Nc5 Qe7 25. Qd1 Rb5 26. b3 Re8
27. g5 Rbb8 28. Qg4 Rb5 29. h4 Ra8 30. h5 Qa7 31. Na4 Be6
32. Qe2 Qa6 33. Rc5 Rxc5 34. Qxa6 Rxa6 35. Nxc5 Ra8 36. Nxe6
fxe6 37. Rc1 Ra6 38. Rc5 Kf7 39. Re5 g6 40. hxg6+ hxg6
41. Rxe4 Ke7 42. Re5 Kd6 43. Kc2 Ra7 44. Kd3 Ra8 45. Kc4 Ra7
46. e4 Rf7 47. Rxa5 Rxf4 48. e5+ Kc7 49. Ra7+ Kb6 50. Re7 Rf5
51. Rxe6 Rxg5 52. Kxb4 Rg4 53. Kc4 1-0

[Event "Hastings Chess Congress"]
[Site "Hastings ENG"]
[Date "2005.12.30"]
[EventDate "2005.12.28"]
[Round "3"]
[Result "1-0"]
[White "G Pafura"]
[Black "Gurpreet Pal Singh"]
[WhiteElo "2105"]
[BlackElo "2286"]
[PlyCount "53"]

1. d4 c5 2. c3 e6 3. Nf3 Nf6 4. Bg5 Be7 5. e3 b6 6. Bd3 Bb7
7. Bxf6 Bxf6 8. O-O O-O 9. Nbd2 d6 10. Re1 Nd7 11. e4 Qc7
12. e5 Be7 13. Rc1 Rfd8 14. Qe2 Rac8 15. Rcd1 cxd4 16. cxd4
dxe5 17. Nxe5 Nf8 18. Qh5 g6 19. Qg4 Bf6 20. Ndf3 Qe7 21. a3
Bd5 22. h4 Bg7 23. Qf4 Bb3 24. Rc1 f6 25. Nc6 Qc7 26. Qxc7
Rxc7 27. Nxd8 1-0

[Event "Hastings Chess Congress"]
[Site "Hastings ENG"]
[Date "2005.12.30"]
[EventDate "2005.12.28"]
[Round "3"]
[Result "1-0"]
[White "Jack Rudd"]
[Black "Alexandra Wilson"]
[WhiteElo "2281"]
[BlackElo "2101"]
[PlyCount "67"]

1. e4 e6 2. d4 d5 3. Nd2 Nf6 4. e5 Nfd7 5. f4 c5 6. c3 Nc6
7. Ndf3 f5 8. Bd3 Be7 9. a3 cxd4 10. cxd4 a5 11. Bd2 Nb6
12. Rc1 Bd7 13. Ne2 a4 14. g4 fxg4 15. Ng5 Bxg5 16. fxg5 Nc4
17. Bxc4 dxc4 18. O-O Ne7 19. Bb4 Nd5 20. Bd6 Qxg5 21. Rxc4
Bb5 22. Qc2 Qe3+ 23. Rf2 Rd8 24. Rc8 Qb3 25. Qc1 Bxe2
26. Rxd8+ Kxd8 27. Rxe2 Kd7 28. Rc2 Qb6 29. Rc5 Rc8 30. Qf1
Rxc5 31. Qf7+ Kd8 32. Bxc5 Qxb2 33. Qf8+ Kd7 34. Qd6+ 1-0